[Event "World Senior Ch-Women"]
[Site "Grieskirchen"]
[Date "1998.??.??"]
[Round "1.1"]
[White "Hausner, A."]
[Black "Erenska-Radzewska, H."]
[Result "0-1"]
[WhiteElo "1728"]
[BlackElo "2225"]
[PlyCount "41"]
[EventDate "1998.??.??"]

1. d4 Nf6 2. Nf3 d6 3. e3 Nbd7 4. Be2 c6 5. O-O e5 6. dxe5 dxe5 7. b3 Be7 8.
Bb2 Qc7 9. c4 O-O 10. Nbd2 Re8 11. e4 Bf8 12. Qc2 a5 13. Rfd1 g6 14. Nf1 Nh5
15. N3d2 Nf4 16. Bg4 Nc5 17. Bxc8 Qxc8 18. Nf3 f6 19. Ng3 Qg4 20. h3 Nxh3+ 21.
gxh3 0-1

[Event "World Senior Ch-Women"]
[Site "Grieskirchen"]
[Date "1998.??.??"]
[Round "1.3"]
[White "Kattinger, I."]
[Black "Goumilevskaia, G."]
[Result "0-1"]
[WhiteElo "1593"]
[BlackElo "2195"]
[PlyCount "65"]
[EventDate "1998.??.??"]

1. e4 Nc6 2. d4 d5 3. e5 Bf5 4. c3 h5 5. Be2 g6 6. Nf3 Qd7 7. Nbd2 O-O-O 8. h3
h4 9. Nh2 f6 10. Bg4 fxe5 11. Ndf3 exd4 12. Nxd4 e5 13. Nxf5 gxf5 14. Be2 Nf6
15. Bg5 Qg7 16. Qc1 Be7 17. Nf3 Ne4 18. Bxe7 Nxe7 19. Rg1 Kb8 20. Qc2 d4 21.
cxd4 exd4 22. Bd3 Nd5 23. a3 Nf4 24. Kf1 Qf6 25. Re1 Nxd3 26. Qxd3 Nc5 27. Qc4
Ne4 28. Rd1 d3 29. Qb3 Rd6 30. Nd2 Qd4 31. Nxe4 fxe4 32. Qc3 Qxc3 33. bxc3 {
Rest unleserlich
} 0-1

[Event "World Senior Ch-Women"]
[Site "Grieskirchen"]
[Date "1998.??.??"]
[Round "1.4"]
[White "Sorokina, T."]
[Black "Antosch, I."]
[Result "1-0"]
[WhiteElo "2180"]
[BlackElo "1550"]
[PlyCount "56"]
[EventDate "1998.??.??"]

1. Nf3 d5 2. c4 e6 3. g3 c6 4. b3 Bd6 5. Bb2 Nf6 6. Bg2 O-O 7. O-O Qe7 8. d4
Nbd7 9. Nc3 Ne4 10. Nxe4 dxe4 11. Ne5 f5 12. Nxd7 Bxd7 13. e3 b6 14. Qe2 Rad8
15. Rfd1 c5 16. dxc5 Bxc5 17. a3 a5 18. Bd4 e5 19. Bxc5 Qxc5 20. Rd5 Qe7 21.
Qb2 Rfe8 22. Rad1 Kf7 23. Qd2 g6 24. Rxd7 Rxd7 25. Qxd7 Kf8 26. Qxe7+ Rxe7 27.
Rd6 Kg7 28. Rxb6 Rd7 1-0

[Event "World Senior Ch-Women"]
[Site "Grieskirchen"]
[Date "1998.11.10"]
[Round "1.5"]
[White "Franz, I."]
[Black "Shestoperova, A."]
[Result "0-1"]
[WhiteElo "1465"]
[BlackElo "2175"]
[PlyCount "102"]
[EventDate "1998.??.??"]

1. d4 Nf6 2. c4 c5 3. Nf3 cxd4 4. Nxd4 Nc6 5. Nc3 g6 6. e4 d6 7. Be2 Bg7 8. O-O
O-O 9. Be3 Bd7 10. Rb1 Qc8 11. Bf3 Ne5 12. b3 Nxf3+ 13. Nxf3 Ng4 14. Nd5 Re8
15. Bd4 Ne5 16. Ne3 Nxf3+ 17. gxf3 f6 18. Ng2 Bh3 19. Be3 a6 20. Bf4 h5 21. Bg3
Kh7 22. f4 Qc6 23. Qe2 f5 24. f3 e5 25. Rfe1 Bxg2 26. Kxg2 exf4 27. Bxf4 fxe4
28. fxe4 Re6 29. Qd3 Rae8 30. Qd5 Qxd5 31. cxd5 Rxe4 32. Rxe4 Rxe4 33. Kf3 Rd4
34. Bxd6 Rxd5 35. Bg3 Rd2 36. a4 g5 37. Bc7 Rc2 38. Bd6 Kg6 39. Re1 Rc3+ 40.
Re3 Rc6 41. Rd3 Bf6 42. Ke4 Rc2 43. b4 g4 44. a5 Re2+ 45. Re3 Rxe3+ 46. Kxe3
Kf5 47. Kf2 Be5 48. Bxe5 Kxe5 49. Kg3 Kf5 50. h3 gxh3 51. Kxh3 Ke4 0-1

[Event "?"]
[Site "?"]
[Date "1998.??.??"]
[Round "2.1"]
[White "Erenska-Radzewska, H."]
[Black "Malinicheva, L."]
[Result "1-0"]
[WhiteElo "2225"]
[BlackElo "2020"]
[PlyCount "69"]
[EventDate "1998.??.??"]

1. e4 e6 2. d4 d5 3. exd5 exd5 4. Nf3 Bf5 5. Bd3 Bxd3 6. Qxd3 c6 7. O-O Bd6 8.
Re1+ Ne7 9. Bg5 Nd7 10. Nbd2 f6 11. Bh4 O-O 12. Bg3 Bxg3 13. hxg3 Re8 14. Re3
Nf8 15. Rae1 Qd7 16. Qa3 Kf7 17. c4 a6 18. c5 Nf5 19. Rxe8 Rxe8 20. Rxe8 Kxe8
21. g4 Nh6 22. g5 fxg5 23. Nxg5 Qe7 24. Qg3 Nf7 25. Ngf3 Ng6 26. Qh3 h6 27.
Qc8+ Nd8 28. Qg4 Qf6 29. Qh5 Ke7 30. g3 Ke6 31. Nb3 Kd7 32. Na5 Kc7 33. b4 Nf8
34. Nb3 Nde6 35. Ne5 {Rest unleserlich} 1-0

[Event "?"]
[Site "?"]
[Date "1998.11.11"]
[Round "2.2"]
[White "Zatulovskaya, T."]
[Black "Fatalibekova, E."]
[Result "1/2-1/2"]
[WhiteElo "2170"]
[BlackElo "2215"]
[PlyCount "22"]
[EventDate "1998.??.??"]

1. d4 Nf6 2. Nf3 b6 3. g3 Bb7 4. Bg2 e6 5. O-O Be7 6. c4 c5 7. Nc3 cxd4 8. Qxd4
Nc6 9. Qd2 a5 10. b3 O-O 11. Bb2 d6 1/2-1/2

[Event "?"]
[Site "?"]
[Date "1998.11.11"]
[Round "2.3"]
[White "Gumilevskaia, G."]
[Black "Duer, M."]
[Result "1/2-1/2"]
[WhiteElo "2195"]
[BlackElo "1748"]
[PlyCount "36"]
[EventDate "1998.??.??"]

1. e4 c5 2. Nc3 Nc6 3. f4 d6 4. Bc4 e6 5. Nf3 Nf6 6. d3 Be7 7. O-O O-O 8. Qe1
Na5 9. Bb3 a6 10. e5 dxe5 11. fxe5 Nd7 12. Qg3 Kh8 13. Ne4 Nxb3 14. axb3 b5 15.
Qh3 Nxe5 16. Nxe5 Qd4+ 17. Be3 Qxe5 18. c3 Qc7 1/2-1/2

[Event "?"]
[Site "?"]
[Date "1998.??.??"]
[Round "2.4"]
[White "Winter, I."]
[Black "Sorokina, T."]
[Result "0-1"]
[WhiteElo "1863"]
[BlackElo "2180"]
[PlyCount "88"]
[EventDate "1998.??.??"]

1. e4 c5 2. Nf3 Nc6 3. d4 cxd4 4. Nxd4 Nf6 5. Nc3 d6 6. Be2 a6 7. O-O e6 8. Kh1
Be7 9. f4 Qc7 10. Be3 Bd7 11. Qd2 b5 12. a3 Rc8 13. Nxc6 Bxc6 14. Bf3 O-O 15.
Rad1 Qb7 16. Qd4 Rfd8 17. Qb6 Rd7 18. Qxb7 Rxb7 19. Bd4 Nd7 20. Rd2 Bf8 21.
Rfd1 h6 22. Ne2 a5 23. Ng3 Nb6 24. Be2 d5 25. e5 25... Nc4 { } 26. Bxc4 dxc4
27. Be3 Bd5 28. Ne2 b4 29. axb4 axb4 30. Bd4 Ra8 31. c3 b3 32. Ng3 g6 33. Bf2
h5 34. h4 Ra2 35. Kh2 Rb5 36. Be3 Rba5 37. Bb6 Ra6 38. Bd4 Ra1 39. Kh3 Rxd1 40.
Rxd1 Ra2 41. Rd2 Ba3 42. Nf1 Rxb2 43. Rxb2 Bxb2 44. Nd2 Bc1 0-1

[Event "Damen"]
[Site "?"]
[Date "1998.??.??"]
[Round "3.1"]
[White "Sorokina, T."]
[Black "Erenska-Radzewska, H."]
[Result "1/2-1/2"]
[WhiteElo "2180"]
[BlackElo "2225"]
[PlyCount "63"]
[EventDate "1998.??.??"]

1. Nf3 d6 2. d4 Bg4 3. e3 Nd7 4. Be2 Ngf6 5. O-O e5 6. c3 e4 7. Nfd2 Bxe2 8.
Qxe2 d5 9. c4 c6 10. b3 Qa5 11. Bb2 Be7 12. Nc3 O-O 13. a3 Rac8 14. b4 Qd8 15.
Rab1 Bd6 16. Rfc1 a6 17. cxd5 cxd5 18. Na4 Qe7 19. Nc5 Nb8 20. Ndb3 g6 21. a4
h5 22. b5 Ng4 23. g3 axb5 24. axb5 b6 25. Na4 Qb7 26. Ra1 Nh6 27. Nc3 Nf5 28.
Ra4 Nd7 29. Rca1 Bb8 30. Na2 Bd6 31. Nc3 Bb8 32. Na2 1/2-1/2

[Event "Damen"]
[Site "?"]
[Date "1998.??.??"]
[Round "3.2"]
[White "Khmiadashvili, T."]
[Black "Gumilevskaia, G."]
[Result "1-0"]
[WhiteElo "2170"]
[BlackElo "2195"]
[PlyCount "117"]
[EventDate "1998.??.??"]

1. e4 c5 2. Nc3 Nc6 3. f4 g6 4. Nf3 Bg7 5. Bb5 Nd4 6. a4 a6 7. Bc4 e6 8. e5 d5
9. exd6 Qxd6 10. d3 Ne7 11. Ne4 Qc7 12. c3 Ndf5 13. g4 Nd6 14. Be3 b6 15. Qe2
Bb7 16. Nxd6+ Qxd6 17. Rf1 O-O 18. Ng5 Qc6 19. Bb3 Nd5 20. O-O-O b5 21. a5 h6
22. Nf3 Qc7 23. Bxd5 Bxd5 24. Kd2 c4 25. d4 Qxa5 26. Ra1 Qc7 27. h4 a5 28. Ne5
b4 29. h5 bxc3+ 30. bxc3 Rfb8 31. Ke1 Rb3 32. Bd2 gxh5 33. gxh5 Rab8 34. Kf2 f5
35. Rg1 Kh7 36. Rg3 Rb1 37. Ra4 Rh1 38. Nf3 Rb2 39. Ke3 Rxh5 40. Qg2 Rh4 41.
Rxg7+ Qxg7 42. Qxg7+ Kxg7 43. Nxh4 Rb5 44. Nf3 Kf6 45. Be1 Ke7 46. Ne5 h5 47.
Nxc4 Bxc4 48. Rxc4 Kd6 49. Ra4 Rb1 50. Bf2 Rb3 51. Kd3 Rb5 52. Kc2 Kc6 53. c4
Rb4 54. Rxb4 axb4 55. Kb3 Kd6 56. Kxb4 Kc6 57. Bh4 Kb6 58. d5 exd5 59. cxd5 1-0

[Event "Damen"]
[Site "?"]
[Date "1998.??.??"]
[Round "3.3"]
[White "Fatalibekova, E."]
[Black "Shestoperova, A."]
[Result "1-0"]
[WhiteElo "2215"]
[BlackElo "2175"]
[PlyCount "30"]
[EventDate "1998.??.??"]

1. e4 c5 2. Nf3 Nc6 3. Bb5 Na5 4. c3 a6 5. Be2 b5 6. d4 c4 7. O-O Bb7 8. Nbd2
Nf6 9. Qc2 g6 10. b4 cxb3 11. axb3 d5 12. e5 Nh5 13. e6 f6 14. Ng5 Nf4 15. Bg4
15... Bc6 {Rest unleserlich} 1-0

[Event "Damen"]
[Site "?"]
[Date "1998.??.??"]
[Round "3.4"]
[White "Duer, M."]
[Black "Zatulovskaya, T."]
[Result "0-1"]
[WhiteElo "1748"]
[BlackElo "2170"]
[PlyCount "78"]
[EventDate "1998.??.??"]

1. g3 d5 2. d4 Nf6 3. Bg2 e6 4. Nf3 c5 5. c3 Nc6 6. O-O Bd6 7. Nbd2 O-O 8. b3
e5 9. dxe5 Nxe5 10. Bb2 Nc6 11. Qc2 Re8 12. Rfe1 Bg4 13. a3 Qd7 14. e3 Bf5 15.
Qc1 Bf8 16. c4 d4 17. exd4 cxd4 18. Nh4 Bh3 19. Qc2 Bxg2 20. Kxg2 g6 21. Qd3
Bg7 22. Rad1 Rad8 23. Rxe8+ Qxe8 24. Nhf3 Ng4 25. Re1 Qd7 26. h3 Nge5 27. Qe4
f5 28. Qb1 a5 29. Kg1 h6 30. Nxe5 Nxe5 31. f4 Nc6 32. Qd3 Re8 33. Rxe8+ Qxe8
34. Kf1 Qe3 35. Qc2 d3 36. Qc1 Qe2+ 37. Kg1 Nd4 38. Bxd4 Bxd4+ 39. Kh1 Be3 0-1

[Event "Sen WM"]
[Site "?"]
[Date "1998.??.??"]
[Round "4.1"]
[White "Erenska-Radzewska, H."]
[Black "Khmiadashvili, T."]
[Result "1/2-1/2"]
[WhiteElo "2225"]
[BlackElo "2170"]
[PlyCount "61"]
[EventDate "1998.??.??"]

1. e4 e5 2. Nc3 Nc6 3. Bc4 Bc5 4. d3 Na5 5. Nf3 Nxc4 6. dxc4 d6 7. h3 Be6 8.
Qd3 a5 9. b3 Ne7 10. Na4 Nc6 11. Bb2 f6 12. a3 O-O 13. O-O Qe8 14. Nxc5 dxc5
15. a4 Qg6 16. Kh2 Qh5 17. Qe3 b6 18. Rfe1 g5 19. Kg1 Rf7 20. Nh2 Nd4 21. Bxd4
cxd4 22. Qe2 Qxe2 23. Rxe2 Rd8 24. Rd2 Rfd7 25. Nf3 Kf7 26. Ne1 c5 27. Nd3 h5
28. f3 Ke7 29. Kf2 Rh8 30. Rh1 Kd6 31. Rdd1 1/2-1/2

[Event "Sen WM"]
[Site "?"]
[Date "1998.??.??"]
[Round "4.3"]
[White "Zatulovskaya, T."]
[Black "Sorokina, T."]
[Result "1/2-1/2"]
[WhiteElo "2170"]
[BlackElo "2180"]
[PlyCount "51"]
[EventDate "1998.??.??"]

1. e4 c5 2. Nc3 Nc6 3. g3 Rb8 4. Bg2 b5 5. f4 g6 6. Nf3 Bg7 7. d3 e6 8. O-O b4
9. Ne2 Nge7 10. d4 cxd4 11. Nexd4 O-O 12. Be3 d5 13. Nxc6 Nxc6 14. exd5 exd5
15. Nd4 Ne7 16. Bf2 Qc7 17. Qd2 Nf5 18. Rac1 Nxd4 19. Bxd4 Bxd4+ 20. Qxd4 Be6
21. c3 Qb6 22. Rfd1 bxc3 23. bxc3 Rfd8 24. Qxb6 Rxb6 25. Rd2 Rb5 26. Rcd1
1/2-1/2

[Event "Sen WM"]
[Site "?"]
[Date "1998.??.??"]
[Round "4.4"]
[White "Malinicheva, L."]
[Black "Abdikasova, P."]
[Result "0-1"]
[WhiteElo "2020"]
[BlackElo "2080"]
[PlyCount "94"]
[EventDate "1998.??.??"]

1. d4 d5 2. Nf3 Nf6 3. c4 e6 4. Nc3 Nbd7 5. Bg5 Be7 6. e3 c6 7. Qc2 h6 8. Bh4
dxc4 9. Bxc4 b5 10. Be2 Bb7 11. O-O O-O 12. h3 Rc8 13. a3 a5 14. Rfd1 Re8 15.
Ne5 Nxe5 16. Bxf6 Nd7 17. Bxe7 Qxe7 18. Qb1 Nf6 19. Bf3 Rc7 20. b4 axb4 21.
axb4 Nd5 22. Bxd5 exd5 23. Rc1 Bc8 24. Ra8 Be6 25. Rxe8+ Qxe8 26. Nxb5 Re7 27.
Na3 Ra7 28. Rc3 Qa8 29. Qb2 Bd7 30. f3 Qb8 31. Rb3 Ra4 32. b5 cxb5 33. Nxb5 Qg3
34. Qb1 Bxh3 35. Rb2 Rb4 36. Qc2 Rc4 37. Qd1 Bd7 38. Na3 Rc3 39. Qb1 Rxe3 40.
Rf2 h5 41. Qc1 Rd3 42. Nc2 Ba4 43. Ne3 Qf4 44. Qc8+ Kh7 45. Nc2 Rd1+ 46. Rf1
Rxf1+ 47. Kxf1 Qc1+ 0-1

[Event "Sen WM"]
[Site "?"]
[Date "1998.??.??"]
[Round "4.5"]
[White "Gumilevskaia, G."]
[Black "Abolina, A."]
[Result "1-0"]
[WhiteElo "2195"]
[BlackElo "2500"]
[PlyCount "73"]
[EventDate "1998.??.??"]

1. e4 c6 2. Nc3 d5 3. Nf3 dxe4 4. Nxe4 Bf5 5. Ng3 Bg4 6. h3 Bxf3 7. Qxf3 Nd7 8.
Bc4 e6 9. Qe2 Qc7 10. d4 O-O-O 11. Be3 Ne7 12. Qf3 Nf6 13. c3 Ned5 14. O-O Nxe3
15. fxe3 Bd6 16. Ne2 Kb8 17. a4 e5 18. b4 exd4 19. exd4 Rhe8 20. b5 Re7 21. a5
Ne4 22. Ra2 f6 23. Rb1 Ng5 24. Qd3 Ne4 25. b6 Bh2+ 26. Kf1 Qc8 27. bxa7+ Kxa7
28. g4 h5 29. Qf3 hxg4 30. hxg4 Rh8 31. a6 b6 32. Bd3 Ng5 33. Qg2 Bb8 34. d5
cxd5 35. Nd4 Qd7 36. Bf5 Qd8 37. Nc6+ 1-0

[Event "Damen"]
[Site "?"]
[Date "1998.??.??"]
[Round "5.2"]
[White "Fatalibekova, E."]
[Black "Erenska-Radzewska, H."]
[Result "1/2-1/2"]
[WhiteElo "2215"]
[BlackElo "2225"]
[PlyCount "30"]
[EventDate "1998.??.??"]

1. e4 d5 2. exd5 Qxd5 3. d4 e5 4. dxe5 Qxe5+ 5. Be2 Bg4 6. Nd2 Bxe2 7. Nxe2 Nd7
8. Nf3 Qa5+ 9. Qd2 Qxd2+ 10. Bxd2 Be7 11. O-O O-O-O 12. Bc3 Bf6 13. Rad1 h6 14.
Rfe1 Bxc3 15. Nxc3 Ngf6 1/2-1/2

[Event "Damen"]
[Site "?"]
[Date "1998.??.??"]
[Round "5.4"]
[White "Abdikasova, P."]
[Black "Gumilevskaia, G."]
[Result "1-0"]
[WhiteElo "2080"]
[BlackElo "2195"]
[PlyCount "77"]
[EventDate "1998.??.??"]

1. d4 Nf6 2. Nf3 e6 3. c4 c5 4. d5 exd5 5. cxd5 d6 6. Nc3 Be7 7. e4 O-O 8. Be2
a6 9. a4 b6 10. O-O Nbd7 11. Nd2 Ne8 12. Nc4 Rb8 13. Be3 Bb7 14. f4 Bf6 15. Qd2
Ba8 16. Na3 Qe7 17. Bf3 g6 18. Rfe1 Bg7 19. Bf2 Bh6 20. Be3 f6 21. Qe2 Nc7 22.
Rad1 Rbe8 23. Qf2 Qg7 24. Nc4 Qe7 25. Bg4 Rb8 26. Qh4 b5 27. Na5 Bxf4 28. Bxf4
g5 29. Qh3 Ne5 30. Bxe5 Qxe5 31. Nc6 Bxc6 32. dxc6 Rf7 33. Nd5 Qxb2 34. Nxc7
Rxc7 35. Rxd6 c4 36. Be6+ Kg7 37. Red1 Re8 38. Bf5 Kh8 39. Bd7 1-0

[Event "?"]
[Site "?"]
[Date "1998.??.??"]
[Round "6.1"]
[White "Abdikasova, P."]
[Black "Khmiadashvili, T."]
[Result "0-1"]
[WhiteElo "2080"]
[BlackElo "2170"]
[PlyCount "103"]
[EventDate "1998.??.??"]

1. d4 d5 2. Nf3 c6 3. c4 Nf6 4. Nc3 g6 5. cxd5 cxd5 6. Bf4 Bg7 7. Rc1 O-O 8. g3
Nc6 9. Bg2 Nh5 10. Be3 f5 11. Ne5 e6 12. Nxc6 bxc6 13. f4 Rb8 14. Rc2 Nf6 15.
Bc1 Ba6 16. e3 Nd7 17. Kf2 c5 18. Nxd5 exd5 19. Bxd5+ Kh8 20. dxc5 Nf6 21. Bf3
Ne4+ 22. Bxe4 fxe4 23. a3 Bd3 24. Rd2 a5 25. Qa4 Qc8 26. b4 axb4 27. axb4 h5
28. Bb2 Bxb2 29. Rxb2 Qg4 30. Re1 Bb5 31. Qa1 Kh7 32. Ra2 Rb7 33. Ra8 Rxa8 34.
Qxa8 Re7 35. Qb8 Qd7 36. Qd6 Qxd6 37. cxd6 Rd7 38. Rc1 Rxd6 39. Rc7+ Kh6 40.
Re7 Rd2+ 41. Kg1 Bd3 42. Re6 Kg7 43. Rd6 Rd1+ 44. Kg2 Bb5 45. Rd4 Rb1 46. Kh3
Bd3 47. Kh4 Rb2 48. h3 Re2 49. g4 Rxe3 50. gxh5 gxh5 51. Kxh5 Rg3 52. Kh4 0-1

[Event "?"]
[Site "?"]
[Date "1998.??.??"]
[Round "6.3"]
[White "Sorokina, T."]
[Black "Fatalibekova, E."]
[Result "1/2-1/2"]
[WhiteElo "2180"]
[BlackElo "2215"]
[PlyCount "47"]
[EventDate "1998.??.??"]

1. d4 Nf6 2. Nf3 g6 3. g3 Bg7 4. Bg2 O-O 5. O-O c5 6. c3 Na6 7. Bg5 h6 8. Bxf6
Bxf6 9. e3 d6 10. Nbd2 Qc7 11. Qe2 Bd7 12. Rac1 Rac8 13. h3 Rfe8 14. Ne4 Bg7
15. g4 Bc6 16. b3 d5 17. Ng3 Qa5 18. Qd2 b6 19. Nh4 f6 20. Nf3 Red8 21. Ne1
cxd4 22. exd4 b5 23. b4 Qc7 24. Nd3 1/2-1/2

[Event "?"]
[Site "?"]
[Date "1998.??.??"]
[Round "6.4"]
[White "Shestoperova, A."]
[Black "Zatulovskaya, T."]
[Result "0-1"]
[WhiteElo "2175"]
[BlackElo "2170"]
[PlyCount "94"]
[EventDate "1998.??.??"]

1. d4 Nf6 2. Nf3 d6 3. Bg5 Nbd7 4. e3 g6 5. Be2 Bg7 6. O-O h6 7. Bh4 g5 8. Bg3
Ne4 9. Nbd2 Ndf6 10. c4 c6 11. Qc2 Nxg3 12. hxg3 O-O 13. Rad1 Qc7 14. Bd3 Bd7
15. b4 a5 16. a3 axb4 17. axb4 c5 18. b5 Rfc8 19. d5 Ng4 20. Bf5 b6 21. Nh2
Nxh2 22. Kxh2 Rf8 23. e4 Ra3 24. Nb1 Ra5 25. Qe2 e6 26. dxe6 fxe6 27. Bg4 Be5
28. Qd2 Qd8 29. Nc3 Qe7 30. Kg1 Rfa8 31. Rc1 Qg7 32. Nd1 Bd4 33. Ne3 Ra2 34.
Rc2 R2a3 35. Kh2 Qh7 36. Bf3 R8a7 37. Ng4 Qg6 38. Ne3 h5 39. g4 h4 40. Qe2 Be8
41. Rd1 Qf6 42. Nf1 Bg6 43. Rd3 Ra1 44. Nd2 Be5+ 45. g3 hxg3+ 46. fxg3 Qh8+ 47.
Kg2 Qh1+ 0-1

[Event "?"]
[Site "?"]
[Date "1998.??.??"]
[Round "6.5"]
[White "Gumilevskaia, G."]
[Black "Malinicheva, L."]
[Result "0-1"]
[WhiteElo "2195"]
[BlackElo "2020"]
[PlyCount "107"]
[EventDate "1998.??.??"]

1. Nf3 d5 2. g3 Nf6 3. Bg2 e6 4. O-O Be7 5. c4 O-O 6. b3 c6 7. Bb2 b5 8. cxb5
cxb5 9. d3 Bb7 10. Nbd2 Nbd7 11. Rc1 Qa5 12. Rc2 Rfc8 13. Rxc8+ Rxc8 14. Qb1
Bb4 15. Rd1 h6 16. h3 Bc3 17. Bxc3 Qxc3 18. Ne1 a5 19. a3 g5 20. Qc2 Ne8 21.
Nb1 Qc7 22. Qd2 Ng7 23. d4 Nf5 24. e3 Nf6 25. Nd3 Nd6 26. Rc1 Qb6 27. Rxc8+
Bxc8 28. Qc2 Bd7 29. Nd2 Kg7 30. Nc5 Bc6 31. Nf3 Be8 32. Ne5 Nf5 33. Bf1 Ne7
34. f3 Qa7 35. Bd3 Nh5 36. g4 Nf6 37. Kg2 Qb6 38. Kg3 Qb8 39. f4 Nc8 40. h4
gxf4+ 41. exf4 Nd6 42. g5 hxg5 43. hxg5 Nfe4+ 44. Kf3 Nf5 45. Nxe4 Nxd4+ 46.
Kg4 Nxc2 47. Nf6 Ne3+ 48. Kf3 Nf5 49. Nh5+ Kf8 50. Nf6 Qc7 51. Nxe8 Kxe8 52.
Bxb5+ Ke7 53. Nc6+ Kd6 54. a4 0-1